书目信息 |
| 题名: |
做丈夫的学问
|
|
| 作者: | 曹睿 主编 | |
| 分册: | ||
| 出版信息: | 天津 天津人民出版社 1992.05 |
|
| 页数: | 335页 | |
| 开本: | 19cm | |
| 丛书名: | ||
| 单 册: | ||
| 中图分类: | J022 | |
| 科图分类: | ||
| 主题词: | 艺术理论--基本问题 | |
| 电子资源: | ||
| ISBN: | 7-201-00808-0 | |
| 000 | 00533nam0 2200193 450 | |
| 001 | 0733814197 | |
| 005 | 20071229092543.24 | |
| 010 | @a7-201-00808-0@dCNY7.00 | |
| 100 | @a20071229d1992 km y0chiy0120 ea | |
| 101 | 0 | @achi |
| 102 | @aCN@b120000 | |
| 200 | 1 | @a做丈夫的学问@Azuo zhang fu de xue wen@f曹睿主编@Fcao rui zhu bian |
| 210 | @a天津@c天津人民出版社@d1992.05 | |
| 215 | @a335页@d19cm | |
| 606 | 0 | @a艺术理论@x基本问题 |
| 690 | @aJ022@v4 | |
| 701 | 0 | @a曹睿@Acao rui@4主编 |
| 801 | 0 | @aCN@bPFT@c20071229 |
| 905 | @aBZT@dJ022@e15 | |
| 做丈夫的学问/曹睿主编.-天津:天津人民出版社,1992.05 |
| 335页;19cm |
| ISBN 7-201-00808-0:CNY7.00 |
| ● |
| 相关链接 |
|
|
|
正题名:做丈夫的学问
索取号:J022/15
 
预约/预借
| 序号 | 登录号 | 条形码 | 馆藏地/架位号 | 状态 | 备注 |
| 1 | 065191 | 220003550 | 中心书库中库/ 中库016架A面1列4层21/ [索取号:J022/15] | 在馆 |